Primera y segunda introducción a la doctrina de la ciencia

Guardat en:
Dades bibliogràfiques
Autor principal: Fichte, Johann Gottlieb (autore)
Format: Llibre
Idioma:espanyol
Publicat: Madrid Tecnos 1987
Col·lecció:Clásicos del Pensamiento
Matèries:
Etiquetes: Afegir etiqueta
Sense etiquetes, Sigues el primer a etiquetar aquest registre!

MARC

LEADER 00000nam a2200000 a 4500
001 UCZ4254
003 CL-VaPUC
008 951106e19870000SP |||||||||||||||||spa|d
082 0 4 |a 501  |b FIC  |2 21 
100 |a Fichte, Johann Gottlieb  |e autore  |9 316864 
245 1 0 |a Primera y segunda introducción a la doctrina de la ciencia 
246 1 0 |a Ensayo de una nueva exposición de la doctrina de la ciencia 
300 |a 122 p 
600 0 |a Kant, Immanuel,  |d 1724-1804  |9 858687 
942 |c BK 
945 |d 19951106 00:00:00  |a cmena 
260 |a Madrid  |b Tecnos  |c 1987 
650 0 |a Filosofía de las ciencias  |9 256466 
650 0 |a Ciencia  |9 255691 
650 0 |a Filosofía alemana   |9 265002 
650 0 |a Idealismo  |9 265685 
650 0 |a Intuición  |9 333290 
650 0 |a Conciencia  |9 309452 
583 |a last modification  |c 19951106 00:00:00  |k Rodrigo Vera 
490 0 |a Clásicos del Pensamiento 
999 |c 240669  |d 240667 
952 |0 0  |1 0  |4 0  |6 501_000000000000000_FIC_1987  |7 0  |8 P  |9 252654  |a BIBEDU  |b BIBEDU  |c BIBEDU_PB  |d 2019-11-18  |i 1594508  |o 501 FIC 1987  |p 1594508  |r 2024-01-25  |w 2019-11-18  |y BK  |k FIL